Films avec Adèle Exarchopoulos - Mort subite - Statistiques

Statistiques générales
  • Ce quiz a été pris 427 fois
  • Le résultat moyen est 7 sur 16
Answers on the Grid
Answers color-coded by a green-red scale on the quiz's grid according to % correct below.
Sibyl
Je verrai toujours vos visages
LOL
Portrait de la jeune fille en feu
Les amours d'Anaïs
Mandibules
Novembre
Bac Nord
Voleuses
Un métier sérieux
Incroyable mais vrai
La vie d'Adèle
L'Empire
Papicha
Fumer fait tousser
Le Règle Animal
Amanda
L'Amour Ouf
Effacer l'historique
La belle saison
Un prophète
Omar la fraise
Passages
Rien à foutre
Les Trois Mousquetaires : D'Artagnan
Ni chaînes, ni maîtres
Vice Versa 2
Les Cinq Diables
Planète B
L'innocent
Revenir
Tout ce qui brille
 
Statistiques - réponses
Réponse % Correct
L'Amour Ouf
84%
La vie d'Adèle
84%
Je verrai toujours vos visages
68%
Bac Nord
67%
Sibyl
60%
Vice Versa 2
60%
Voleuses
59%
Mandibules
52%
Le Règle Animal
40%
Rien à foutre
36%
Fumer fait tousser
30%
Planète B
28%
Un métier sérieux
28%
Les Cinq Diables
21%
Passages
15%
Revenir
14%
Aucun quiz correspondant
Distribution des résultats
% des personnes avec chaque résultat
Percentile par nombre de réponses
Votre historique - résultats
Vous n’avez pas pris ce quiz